000
00235nam a22000977a 4500
999
_c
13963
_d
13963
100
_a
سید بابر علی
245
_a
کمال ہم نشیں
260
_a
لاہور
_b
ٹوپیکل پرنٹنگ پریس
300
_a
331
942
_c
BK